000 00786nam a2200229Ia 4500
003 OSt
005 20260309161143.0
008 220923b |||||||| |||| 00| 0 eng d
020 _a0415476225
037 _cGeneral Book
040 _aRTL
_cRTL
_beng
041 _2eng
_aeng
084 _aY:4582.49G.P08, P8
_qRTL
245 0 _aArmed conflicts in South Asia 2008: growing violence
260 _aLondon
_bRoutledge
_c2008
300 _avii, 280 p.
_bIncludes bibliographical references and index
650 _aSociology
700 _aChandran D. Suba
_9262372
_eEditor
700 _aChari P R
_eEditor
_91131427
942 _hY:4582.49G.P08, P8
_cGB
_2CC
999 _c579898
_d579898